All NA FNCS Champions - Statistics

General Stats
  • This quiz has been taken 14 times
  • The average score is 18 of 42
Answer Stats
Hint Answer % Correct
trio s8 Bugha
100%
c3 s2 Peterbot
100%
c5 s2 Peterbot
100%
c6 s2 Peterbot
100%
c5 s2 Pollo
89%
c6 s1 Pollo
89%
c6 s2 Ritualx
89%
TRIO s5 Acorn
78%
c5 s1 Acorn
78%
c6 s1 Acorn
78%
c4 s1 Cold
78%
c5 s1 Cold
78%
c6 s2 Cold
78%
c4 s3 Ajerss
67%
c6 s1 Ajerss
67%
Trio STARK Mero
67%
SOLO REG Coop
56%
c4 s3 Khanada
56%
Squads Ronaldo
56%
c4 s4 globals Cooper
44%
Trio STARK Deyy
33%
trio s8 Muz
33%
c3 s2 Bylah
22%
trio s7 Dukez
22%
TRIO s5 Jahq
22%
Trio STARK Reverse2k
22%
DUO OG Saf
22%
DUO OG Zayt
22%
Squads Avery
11%
c3 s3 Avery
11%
c3 s3 Commandment
11%
c4 s2 Edgey
11%
TRIO s5 Slackes
11%
Squads Unknown
11%
Season 10 Yung Calculator
11%
Season 10 Zexrow
11%
SOLO INV Furious
0%
trio s7 Justice
0%
Squads KezKD
0%
Season 10 MackWood
0%
solo AS PaMstou
0%
trio s7 Userz
0%
No matching quizzes found
Score Distribution
Percent of People with Each Score
Percentile by Number Answered
Your Score History
You have not taken this quiz